000 00638nam a2200229Ia 4500
005 20250508162020.0
008 008 250505s9999 xx 000 0 eng d
020 _a0-12-161909-5
037 _aTextual
040 _aFEDL
_beng
_cFEDL
041 _aeng
_2eng
084 _a152, CAR
_qFEDL
100 _aCarterette Edward C
_9576689
245 0 _aHand book of perception: Perceptual processing
260 _aNew York, USA
_bAcademic Press
_c1978
300 _axv,404p.
365 _aUSD
_b25
650 _aPerception
700 _a Friedman Morton P
_9772062
942 _cTEXL
_h152, CAR
999 _c1373842
_d1373842